<?xml version="1.0" encoding="UTF-8"?>
<marc:record xmlns:marc="http://www.loc.gov/MARC21/slim">
   <marc:leader>00000nam a2200000 a 4500</marc:leader>
   <marc:datafield ind1="1" ind2=" " tag="100">
      <marc:subfield code="a">Cast, P. C.</marc:subfield>
      <marc:subfield code="4">aut</marc:subfield>
      <marc:subfield code="e">Verfasser/-in</marc:subfield>
   </marc:datafield>
   <marc:datafield ind1="1" ind2=" " tag="100">
      <marc:subfield code="a">Cast, Kristin</marc:subfield>
      <marc:subfield code="4">aut</marc:subfield>
      <marc:subfield code="e">Verfasser/-in</marc:subfield>
   </marc:datafield>
   <marc:datafield ind1="0" ind2="0" tag="245">
      <marc:subfield code="a">Ungezähmt</marc:subfield>
   </marc:datafield>
   <marc:datafield ind1="0" ind2="0" tag="245">
      <marc:subfield code="b">Roman</marc:subfield>
   </marc:datafield>
   <marc:datafield ind1="0" ind2="0" tag="245">
      <marc:subfield code="c">P. C. Cast u. Kristin Cast</marc:subfield>
   </marc:datafield>
   <marc:datafield ind1=" " ind2="1" tag="264">
      <marc:subfield code="a">Frankfurt am Main</marc:subfield>
      <marc:subfield code="b">S. Fischer Verl.</marc:subfield>
      <marc:subfield code="c">2010</marc:subfield>
   </marc:datafield>
   <marc:datafield ind1="1" ind2=" " tag="490">
      <marc:subfield code="a">House of night</marc:subfield>
      <marc:subfield code="v">4</marc:subfield>
   </marc:datafield>
   <marc:datafield ind1="1" ind2=" " tag="520">
      <marc:subfield code="a">Das Leben ist zum Kotzen, wenn alle sauer auf dich sind. Frag mal Zoey Redbird - die kennt sich da aus. In nur einer Woche wird sie zur absoluten Außenseiterin: ihr enger Freundeskreis hat sie verstoßen. Jetzt bleiben ihr nur noch zwei echte Freunde, aber die eine ist untot, und der andere ist nicht mal Gezeichnet. Außerdem hat Neferet den Menschen den Krieg erkärt und Zoey weiß tief in ihrem Herzen, dass das falsch ist. Zoeys Abenteuer am Vampyrinternat gehen pöltzlich in eine verdammt gefährliche Richtung: Ihr Vertrauen wird auf eine harte Probe gestellt, schreckliche Pläne kommen ans Licht, und eine uralte, böse Macht erhebt sich. (Verlagstext)</marc:subfield>
   </marc:datafield>
   <marc:datafield ind1=" " ind2=" " tag="020">
      <marc:subfield code="a">9783841420046</marc:subfield>
      <marc:subfield code="9">9783841420046</marc:subfield>
   </marc:datafield>
   <marc:datafield ind1=" " ind2=" " tag="020">
      <marc:subfield code="a">3841420044</marc:subfield>
      <marc:subfield code="9">3841420044</marc:subfield>
   </marc:datafield>
   <marc:datafield ind1=" " ind2=" " tag="500">
      <marc:subfield code="a">Aus dem Amerikan. übers.</marc:subfield>
   </marc:datafield>
   <marc:datafield ind1=" " ind2=" " tag="300">
      <marc:subfield code="a">538 S.</marc:subfield>
   </marc:datafield>
</marc:record>
